En respuesta al primer informe consolidado de solicitud de aclaraciones, rectificaciones y ampliaciones, ICSARA, a la DIA del proyecto Combustible de respaldo para Nehuenco II, en situación de emergencia. Adenda N§ 1

Uloženo v:
Podrobná bibliografie
Korporativní autor: EMG (Autor)
Médium: Kniha
Jazyk:španělština
Vydáno: Santiago EMG 2005
Témata:
Tagy: Přidat tag
Žádné tagy, Buďte první, kdo vytvoří štítek k tomuto záznamu!

MARC

LEADER 00000nam a2200000 a 4500
001 UCK9954
003 CL-VaPUC
008 060623e20050000CL |||||||||||||||||spa|d
082 0 4 |a 363.731  |b EMG  |2 21 
110 2 |a EMG  |e author  |9 499908 
245 1 0 |a En respuesta al primer informe consolidado de solicitud de aclaraciones, rectificaciones y ampliaciones, ICSARA, a la DIA del proyecto Combustible de respaldo para Nehuenco II, en situación de emergencia. Adenda N§ 1 
246 1 0 |a Proyecto Combustible de respaldo para Nehuenco II en situación de emergencia 
300 |a Pág. irreg 
942 |c BK 
945 |d 20060623 00:00:00  |a cmena 
260 |a Santiago  |b EMG  |c 2005 
600 0 7 |a COLBUN  |2 CL-VaPUC  |9 499909 
600 0 7 |a COREMA  |2 CL-VaPUC  |9 493336 
650 0 |a Impacto ambiental  |9 262796 
650 7 |a EMERGENCIAS  |2 CL-VaPUC  |9 464102 
650 0 |a Combustibles  |9 271720 
650 0 |a Contaminación ambiental  |9 314181 
650 0 |a Protección del medio ambiente  |9 257626 
650 0 |a Responsabilidad social  |9 339076 
651 0 |a Quillota  |9 265145 
583 |a last modification  |c 20060623 00:00:00  |k Rodrigo Vera 
999 |c 316952  |d 316950 
952 |0 0  |1 0  |4 0  |6 363_731000000000000_EMG_2005  |7 0  |8 P  |9 392587  |a BIBING  |b BIBING  |d 2019-11-22  |i 4238389  |o 363.731 EMG 2005  |p 4238389  |r 2025-01-20  |w 2019-11-22  |y BK  |k CCL 
952 |0 0  |1 0  |4 0  |6 363_731000000000000_EMG_2005  |7 0  |8 P  |9 392588  |a BIBING  |b BIBING  |d 2019-11-22  |i 4238907  |o 363.731 EMG 2005  |p 4238907  |r 2025-01-20  |w 2019-11-22  |y BK  |k CCL